| 000 | 00777nam a2200205 4500 | ||
|---|---|---|---|
| 003 | LK-CoMWRAF | ||
| 005 | 20240119213533.0 | ||
| 008 | 231213b |||||||| |||| 00| 0 eng d | ||
| 020 | _a9559052675 | ||
| 040 |
_aLK-CoMWRAF _dLK-CoMWRAF _eLK-CoMWRAF |
||
| 041 | _asin | ||
| 082 |
_a323.095 _bMOO |
||
| 245 | _aමූලික අයිතිවාසිකම් | ||
| 246 | _aMoolika aithiwasikam | ||
| 260 |
_aකොළඹ : _bඑක්සත් ජාතීන්ගේ ජනගහන අරමුදල, |
||
| 650 | _aමූලික අයිතිවාසිකම් | ||
| 700 |
_aවිජයතිලක. කමලිනී _eed. _yWijayathilake, Kamalini |
||
| 700 |
_aවෙත්තසිංහ. සිබිල් _eills. _yWeththasinghe, Sybil |
||
| 942 | _cBK | ||
| 999 |
_c4381 _d4381 |
||